African Landlocked Countries - Statistics

General Stats
  • This quiz has been taken 242 times
    137 since last reset
  • The average score is 15 of 16
Answer Stats
Countries % Correct
Chad
96%
Niger
95%
Lesotho
94%
Mali
94%
Central African Republic
93%
Botswana
92%
South Sudan
91%
Zambia
91%
Zimbabwe
91%
Malawi
90%
Rwanda
90%
Uganda
90%
Burundi
89%
Burkina Faso
88%
Eswatini
88%
Ethiopia
87%
No matching quizzes found
Score Distribution
Percent of People with Each Score
Percentile by Number Answered
Your Score History
You have not taken this quiz since the last reset